000 00324nam a2200145Ia 4500
003 OSt
008 191201s2016 xx 000 0 und d
082 _a006.31
_bLEM
100 _aLESKOVEC, Jure
245 0 _aMining of Massive Datasets
260 _bWiley
_c2016
300 _a467
650 _aB.Tech(IT)
942 _2ddc
_cBK
999 _c7054
_d7054